000 00314nam a22001457a 4500
020 _a978-93-86531-33-9
082 _a894.812.3
_bSUR/A
100 _aSURENDRAN, P
245 _aAMMA VEEDU
260 _aTHRISSUR
_bH & C PUBLISHING HOUSE
_c2017
300 _a152
520 _aNOVEL
650 _aNOVEL
942 _cBK
999 _c5166
_d5166